[Event "Nutcracker Classical 2014"]
[Site "Moscow RUS"]
[Date "2014.12.20"]
[Round "1.2"]
[White "Dreev, Aleksey"]
[Black "Artemiev, Vladislav"]
[Result "1/2-1/2"]
[WhiteTitle "GM"]
[BlackTitle "GM"]
[WhiteElo "2649"]
[BlackElo "2662"]
[WhiteTeam "Kings"]
[BlackTeam "Princes"]
[WhiteFideId "4100107"]
[BlackFideId "24101605"]
[EventDate "2014.12.20"]

1. d4 Nf6 2. c4 g6 3. Nc3 d5 4. Nf3 Bg7 5. Bg5 Ne4 6. Bf4 Nxc3 7. bxc3 c5 8.
cxd5 Qxd5 9. e3 O-O 10. Be2 cxd4 11. cxd4 Qa5+ 12. Qd2 Qxd2+ 13. Kxd2 Nc6 14.
Rhc1 Rd8 15. Rc5 Be6 16. a4 Bd5 17. Ke1 e6 18. Rcc1 Rdc8 19. Bd6 Na5 20. Bb5 Nb3
21. Rxc8+ Rxc8 22. Rb1 Na5 23. Bb4 Be4 24. Rd1 Nb3 25. Bd3 Bd5 26. Ba3 f5 27.
Rb1 Rc3 28. Be2 Nxd4 29. Nxd4 Rxa3 30. Nb5 Rxa4 31. Nc7 Be4 32. Rd1 Ra1 33. f3
Bd5 34. Nxd5 exd5 35. Rxa1 Bxa1 36. Bd1 Kf7 37. Bb3 Ke6 38. e4 fxe4 39. fxe4 b5
40. Bxd5+ Kd6 41. Bg8 h6 42. Kd2 Be5 43. h4 Kc5 44. Bf7 Kb4 45. Be8 g5 46. hxg5
hxg5 47. Bd7 a6 48. Bc8 a5 49. Bd7 a4 50. Kd3 Ka5 51. Bg4 Kb6 52. Bd7 Kc5 53.
Be8 Kb4 54. Bd7 Kb3 55. Bxb5 a3 56. Bc4+ Kb2 57. Bf7 Bf6 58. Be6 Be5 59. Bf7 Bf6
60. Be6 Bd8 61. Kd4 a2 62. Bxa2 Kxa2 63. Kd5 Kb3 64. Kd6 Kc4 65. Kd7 Kd4 66.
Kxd8 Kxe4 67. Ke7 Kf5 68. Kf7 g4 69. Kg7 Kf4 70. Kg6 Kg3 71. Kg5 Kxg2 72. Kxg4 1/2-1/2

[Event "Nutcracker Classical 2014"]
[Site "Moscow RUS"]
[Date "2014.12.20"]
[Round "1.3"]
[White "Oparin, Grigoriy"]
[Black "Morozevich, Alexander"]
[Result "1-0"]
[WhiteTitle "GM"]
[BlackTitle "GM"]
[WhiteElo "2543"]
[BlackElo "2712"]
[WhiteTeam "Princes"]
[BlackTeam "Kings"]
[WhiteFideId "24125890"]
[BlackFideId "4116992"]
[EventDate "2014.12.20"]

1. e4 c5 2. Nf3 e6 3. d4 cxd4 4. Nxd4 Nc6 5. Nc3 Qc7 6. Be3 a6 7. Qf3 Nxd4 8.
Bxd4 Ne7 9. Qe3 b5 10. O-O-O Bb7 11. f4 f6 12. Be2 Rc8 13. Rd2 h5 14. Rhd1 Bc6
15. Bf3 b4 16. Ne2 f5 17. Be5 Qb7 18. exf5 Nxf5 19. Bxc6 Qxc6 20. Qd3 Qb5 21.
Qxb5 axb5 22. Rxd7 Ne3 23. R1d2 h4 24. Rb7 Nc4 25. Rd3 Nxe5 26. fxe5 Rh5 27.
Rxb5 Bc5 28. Rb7 Rxe5 29. Kd1 Rf5 30. Rxg7 Bf8 31. Rh7 Rf1+ 32. Kd2 Rb1 33. Nd4
Rg1 34. Re3 Rxg2+ 35. Kd3 Rg7 36. Rxh4 Rd7 37. Rxe6+ Kf7 38. Rf4+ Kg8 39. Rg6+
Bg7 40. Rb6 Rf8 41. Rxf8+ Bxf8 42. Rg6+ Kh7 43. Rg4 Ra7 44. Nc6 Rd7+ 45. Rd4 Rb7
46. Kc4 Kg6 47. Rd7 Rb6 48. Ne5+ Kg5 49. Nd3 Rh6 50. Kb3 Rh3 51. Rd4 Be7 52. Rc4
Kf5 53. Ka4 Rxh2 54. Nxb4 Ke6 55. Kb3 Rh3+ 56. c3 Rh2 57. a4 Kd7 58. a5 Bd8 59.
a6 Bb6 60. Nd5 1-0

[Event "Nutcracker Classical 2014"]
[Site "Moscow RUS"]
[Date "2014.12.21"]
[Round "2.1"]
[White "Artemiev, Vladislav"]
[Black "Shirov, Alexei"]
[Result "1/2-1/2"]
[WhiteTitle "GM"]
[BlackTitle "GM"]
[WhiteElo "2662"]
[BlackElo "2675"]
[WhiteTeam "Princes"]
[BlackTeam "Kings"]
[WhiteFideId "24101605"]
[BlackFideId "2209390"]
[EventDate "2014.12.20"]

1. Nf3 d5 2. c4 d4 3. g3 Nc6 4. Bg2 e5 5. d3 Nf6 6. O-O a5 7. Na3 Bc5 8. Nc2 O-O
9. a3 Re8 10. Bg5 h6 11. Bxf6 Qxf6 12. b3 e4 13. dxe4 Rxe4 14. Nfe1 Re8 15. Nd3
Bd6 16. Qd2 Bf5 17. b4 axb4 18. axb4 Rxa1 19. Rxa1 Ne5 20. c5 Bxd3 21. exd3 Bf8
22. Re1 Rb8 23. Nxd4 Rd8 24. Re4 b6 25. Rf4 Qe7 26. Re4 Qf6 27. Rf4 Qe7 28. cxb6
cxb6 29. Qe3 Ng6 30. Qxe7 Nxe7 31. Bf1 Nd5 32. Nc6 Rc8 33. Rc4 b5 34. Rc2 Ra8
35. d4 Nxb4 36. Nxb4 Bxb4 37. Bxb5 Kf8 38. Kg2 Rd8 39. Rc4 Ba5 40. Bc6 Ke7 41.
Kf3 Rb8 42. Rc2 Kd6 43. Ke4 Rb4 44. Bd5 f5+ 45. Ke3 Bb6 46. Bc4 g5 47. f4 gxf4+
48. gxf4 Ra4 49. Rb2 Kc6 50. Kd3 Ra3+ 51. Bb3 Kb5 52. Kc3 Ba5+ 53. Kc2 Bc7 54.
Bd5+ Ka6 55. Bc4+ 1/2-1/2

[Event "Nutcracker Classical 2014"]
[Site "Moscow RUS"]
[Date "2014.12.21"]
[Round "2.2"]
[White "Oparin, Grigoriy"]
[Black "Dreev, Aleksey"]
[Result "1/2-1/2"]
[WhiteTitle "GM"]
[BlackTitle "GM"]
[WhiteElo "2543"]
[BlackElo "2649"]
[WhiteTeam "Princes"]
[BlackTeam "Kings"]
[WhiteFideId "24125890"]
[BlackFideId "4100107"]
[EventDate "2014.12.20"]

1. d4 d5 2. c4 c6 3. Nc3 Nf6 4. Nf3 e6 5. e3 Nbd7 6. Bd3 dxc4 7. Bxc4 b5 8. Bd3
b4 9. Ne4 Nxe4 10. Bxe4 Bb7 11. O-O Bd6 12. a3 bxa3 13. Nd2 O-O 14. b3 Qc7 15.
Bxa3 Bxh2+ 16. Kh1 Bd6 17. Bxd6 Qxd6 18. Nc4 Qe7 19. Kg1 Rfc8 20. Ra5 Rc7 21.
Qd3 h6 22. Ne5 Qb4 23. Bh7+ Kf8 24. Nxd7+ Rxd7 25. Rfa1 Rd5 26. Rxa7 Rxa7 27.
Rxa7 Rb5 28. Be4 Qe1+ 29. Qf1 Qxf1+ 30. Kxf1 Rxb3 31. Ke2 g6 32. Kd2 Rb6 33. g3
h5 34. Bd3 Ke7 35. e4 g5 36. Ra5 Kf6 37. f4 gxf4 38. gxf4 h4 39. Rh5 Rb2+ 40.
Bc2 Ra2 41. Kc3 Ra3+ 42. Kb4 Rh3 43. e5+ 1/2-1/2

[Event "Nutcracker Classical 2014"]
[Site "Moscow RUS"]
[Date "2014.12.22"]
[Round "3.1"]
[White "Shirov, Alexei"]
[Black "Oparin, Grigoriy"]
[Result "1-0"]
[WhiteTitle "GM"]
[BlackTitle "GM"]
[WhiteElo "2675"]
[BlackElo "2543"]
[WhiteTeam "Kings"]
[BlackTeam "Princes"]
[WhiteFideId "2209390"]
[BlackFideId "24125890"]
[EventDate "2014.12.20"]

1. e4 c5 2. Nf3 d6 3. d4 cxd4 4. Nxd4 Nf6 5. Nc3 a6 6. h3 e5 7. Nde2 h5 8. g3
Be6 9. Bg2 b5 10. a4 b4 11. Nd5 Bxd5 12. exd5 Nbd7 13. c3 Rb8 14. Bd2 bxc3 15.
Bxc3 Be7 16. b4 O-O 17. O-O Qb6 18. Qd2 Rfe8 19. Rfb1 Bd8 20. b5 a5 21. Bb2 Nc5
22. Ba3 Rc8 23. Bxc5 Rxc5 24. Rc1 Nd7 25. Nc3 Qb8 26. Ne4 Bb6 27. Qg5 Qc7 28. h4
Rc8 29. Nxc5 Nxc5 30. Qxh5 Re8 31. Be4 Qd8 32. Qh7+ Kf8 33. Ra3 Ke7 34. Rf3 Rg8
35. Qf5 Qf8 36. Qg5+ f6 37. Qg4 Qf7 38. Bh7 Rf8 39. Be4 Rg8 40. h5 Rh8 41. Rf5
Kd8 42. Qf3 Kc7 43. Rg5 Rf8 44. Rg6 Kb8 45. Bf5 Qb7 46. Rc4 Rf7 47. Kg2 Ka7 48.
h6 gxh6 49. Rxh6 1-0

[Event "Nutcracker Classical 2014"]
[Site "Moscow RUS"]
[Date "2014.12.22"]
[Round "3.2"]
[White "Dreev, Aleksey"]
[Black "Fedoseev, Vladimir3"]
[Result "1/2-1/2"]
[WhiteTitle "GM"]
[BlackTitle "GM"]
[WhiteElo "2649"]
[BlackElo "2661"]
[WhiteTeam "Kings"]
[BlackTeam "Princes"]
[WhiteFideId "4100107"]
[BlackFideId "24130737"]
[EventDate "2014.12.20"]

1. d4 Nf6 2. c4 e6 3. Nc3 Bb4 4. Qc2 d5 5. cxd5 Qxd5 6. e3 c5 7. Bd2 Bxc3 8.
Bxc3 cxd4 9. Bxd4 Nc6 10. Bxf6 gxf6 11. Ne2 Bd7 12. a3 Qa5+ 13. Nc3 Ne7 14. Bc4
Rc8 15. Qe2 a6 16. O-O Bc6 17. Bd3 f5 18. Rac1 O-O 19. Qh5 Qe5 20. Rfd1 Ng6 21.
Be2 b5 22. Bf3 Bxf3 23. Qxf3 Rc4 24. Rc2 Kh8 25. Rcd2 Nh4 26. Qb7 Rc7 27. Qb6
Qg7 28. g3 Rxc3 29. bxc3 Nf3+ 30. Kg2 Nxd2 31. Rxd2 Qxc3 32. Rd6 Qxa3 33. Qd4+
Kg8 34. Qf6 Qxd6 35. Qg5+ Kh8 36. Qf6+ Kg8 37. Qg5+ Kh8 38. Qf6+ Kg8 39. Qg5+
Kh8 40. Qf6+ Kg8 1/2-1/2

[Event "Nutcracker Classical 2014"]
[Site "Moscow RUS"]
[Date "2014.12.23"]
[Round "4.1"]
[White "Fedoseev, Vladimir3"]
[Black "Shirov, Alexei"]
[Result "1-0"]
[WhiteTitle "GM"]
[BlackTitle "GM"]
[WhiteElo "2661"]
[BlackElo "2675"]
[WhiteTeam "Princes"]
[BlackTeam "Kings"]
[WhiteFideId "24130737"]
[BlackFideId "2209390"]
[EventDate "2014.12.20"]

1. d4 d5 2. c4 c6 3. Nc3 Nf6 4. e3 e6 5. Nf3 Nbd7 6. Qc2 Bd6 7. Bd3 O-O 8. O-O
dxc4 9. Bxc4 b5 10. Be2 Bb7 11. Rd1 Qc7 12. Bd2 b4 13. Na4 c5 14. Rac1 Rfc8 15.
Be1 Qa5 16. dxc5 Nxc5 17. Nxc5 Rxc5 18. Bc4 Bxf3 19. gxf3 Qc7 20. f4 a5 21. b3
Rc8 22. Qe2 g5 23. f3 gxf4 24. e4 Nd7 25. Qg2+ Kf8 26. Qh3 Ne5 27. Bf2 Nxc4 28.
bxc4 Rg5+ 29. Kh1 Kg8 30. c5 Be5 31. c6 Bc3 32. Qh4 Rg6 33. Rd7 Qxc6 34. Qe7 Kh8
35. Qxf7 Rg7 36. Qxg7+ Bxg7 37. Rxc6 Rxc6 38. Rd8+ Bf8 39. Rxf8+ Kg7 40. Ra8 1-0

[Event "Nutcracker Classical 2014"]
[Site "Moscow RUS"]
[Date "2014.12.23"]
[Round "4.3"]
[White "Morozevich, Alexander"]
[Black "Artemiev, Vladislav"]
[Result "1-0"]
[WhiteTitle "GM"]
[BlackTitle "GM"]
[WhiteElo "2712"]
[BlackElo "2662"]
[WhiteTeam "Kings"]
[BlackTeam "Princes"]
[WhiteFideId "4116992"]
[BlackFideId "24101605"]
[EventDate "2014.12.20"]

1. d4 d5 2. c4 c6 3. cxd5 cxd5 4. Nc3 Nf6 5. Nf3 Nc6 6. Bf4 Bf5 7. e3 e6 8. Qb3
Bb4 9. Ne5 Qb6 10. Nxc6 bxc6 11. Be2 Ne4 12. f3 Nxc3 13. bxc3 Be7 14. O-O O-O
15. c4 c5 16. cxd5 exd5 17. Qxd5 Be6 18. Qe4 cxd4 19. exd4 Bf6 20. Be5 Bxe5 21.
Qxe5 Rfd8 22. Rfd1 g6 23. Rab1 Qd6 24. Qxd6 Rxd6 25. a4 Rad8 26. Rb7 a5 27. Ra7
Rxd4 28. Rxd4 Rxd4 29. Rxa5 Bc4 30. Bxc4 Rxc4 31. g4 Rc2 32. Rb5 Ra2 33. a5 h6
34. h4 Kg7 35. Kf1 Kf6 36. Ke1 Ke6 37. Kd1 Kd6 38. h5 Kc7 39. Ke1 Kd7 40. Rb7+
Ke8 41. Rb8+ Ke7 42. hxg6 fxg6 43. Ra8 g5 44. a6 Kf7 45. Kd1 Kg7 46. Kc1 Ra3 47.
Kb2 Rxf3 48. Rb8 Rf2+ 49. Kb3 Rf3+ 50. Kb4 1-0